000
00236nam a22001217a 4500
003
SGT
082
_a
340
_b
DAS
100
_a
DAS KUMARI KAKALI
245
_a
DOCTRINE OF ULTRA VIRES
260
_c
2019
300
_a
56
942
_2
ddc
_c
TH
999
_c
34027
_d
34027